|
|
|
|
| LEADER |
00000cam a2200000 7i4500 |
| 001 |
0000030657 |
| 005 |
20110217.0 |
| 008 |
110217 |
| 020 |
|
|
|a 9675115165
|
| 090 |
0 |
0 |
|a 297.57
|b QAR
|
| 100 |
1 |
|
|a al-Qarni, 'Aidh Abdullah
|
| 245 |
1 |
0 |
|a Pengalaman adalah guru terbaik :
|b sikap negatif anda pasti berubah menjadi positif selepas membaca buku ini
|c 'Aidh Abdullah al-Qarni
|
| 260 |
|
|
|a Kuala Lumpur :
|b Al-Hidayah Publications ,
|c 2008
|
| 650 |
|
0 |
|a Muslims
|x conduct of life
|
| 650 |
|
0 |
|a Religious life
|x Islam
|
| 700 |
1 |
|
|a Dedy Rahmad
|
| 700 |
1 |
|
|a Mohd. Puzhi bin Usop
|
| 999 |
|
|
|a 0001059170
|b Book
|c Adult Collection
|e Perbadanan Perpustakaan Awam Johor
|
| 999 |
|
|
|a 0001059173
|b Book
|c Adult Collection
|e Perbadanan Perpustakaan Awam Johor
|